01659 2200685 4500001002100000005001500021035002000036007000300056008004100059020002200100082001100122084001700133100003500150245010800185250001000293300003500303500002200338650002600360650002800386700003300414264003100447336002100478337003000499338002300529990001200552990001200564990001200576990001200588990001200600990001200612990001200624990001200636990001200648990001200660990001200672990001200684990001200696990001200708990001200720990001200732990001200744990001200756990001200768990001200780990001200792990001300804990001200817990001200829990001200841990001200853990001200865990001200877990001200889990001200901990001200913990001200925990001200937990001200949990001200961INLIS00000000000031520231101113933 a0010-1123000001ta231101 0 ind  a978-623-266-740-2 a372.83 a372.83 BER p0 aBerti Sagendra, dkkePengarang1 aProyek IPAS Ilmu Pengetahuan Alam dan Sosial SMK/MAK Kelas X :bRumpun Teknologi /cBerti Sagendra, dkk acet 1 aviii, 331 hlm :bilus ;c25 cm aKurikulum Merdeka 4aIlmu Pengetahuan Alam 4aIlmu Pengetahuan Sosial0 aMutiara SyafitriePenyunting aJakarta :bErlangga,c2022 2rdacontentateks 2rdamediaatanpa perantara 2rdacarrieravolume a23.0637 a23.0638 a23.0639 a23.0640 a23.0641 a23.0642 a23.0643 a23.0644 a23.0645 a23.0646 a23.0647 a23.0648 a23.0649 a23.0650 a23.0651 a23.0652 a23.0653 a23.0654 a23.0655 a23.0656 a23.0657 a23.06578 a23.0659 a23.0660 a23.0661 a23.0662 a23.0663 a23.0664 a23.0665 a23.0666 a23.0667 a23.0668 a23.0669 a23.0670 a23.0671